Normal view
MARC view
Entry Personal Name
001 - CONTROL NUMBER
- control field: 28159
003 - CONTROL NUMBER IDENTIFIER
- control field: ARRUPE
005 - DATE AND TIME OF LATEST TRANSACTION
- control field: 20161221115909.0
008 - FIXED-LENGTH DATA ELEMENTS
- fixed length control field: 161221|| aca||aabn | a|a d
040 ## - CATALOGING SOURCE
- Original cataloging agency: ARRUPE
- Transcribing agency: ARRUPE
100 ## - HEADING--PERSONAL NAME
- Personal name: Plato
- Title of a work: Metaphysics
670 ## - SOURCE DATA FOUND
- Source citation: Work cat.: (ARRUPE)0: Lynch, William F., 1908-1987. 28157, An approach to the metaphysics of Plato through the Parmenides., 1959.